000 00921cam a2200217 4500
008 000000n2001 000 0 eng u
020 _a0415256429
035 _a(Sirsi) u113255
050 _a692.5
100 _aSpain, B.
245 _aSpon's estimating costs guide to electrical works : project costs at a glance.
260 _aLondon
_bSpon Press
_c2001
300 _a277p. ; 23cm.
520 _aWritten for contractors and small businesses carrying out small works this book contains information on thousands of rates each broken down into labour, material overheads and profit. Information is also given on setting up and running a business, employing staff, tax, VAT and CIS4's.
650 _aBUILDING PRICE BOOKS
650 _aBUILT ENVIRONMENT-BUILDING COSTS
650 _aELECTRICAL WORKS
650 _aBUILT ENVIRONMENT-BUILDING COSTS
690 _aBUILT ENVIRONMENT-BUILDING COSTS
942 _n0
999 _c101511
_d101511